MARC details
| 000 -CABECERA |
| campo de control de longitud fija |
02227cab a2200301 ab4500 |
| 005 - FECHA Y HORA DE LA ÚLTIMA TRANSACCIÓN |
| campo de control |
20230927113600.0 |
| 008 - ELEMENTOS DE LONGITUD FIJA--INFORMACIÓN GENERAL |
| campo de control de longitud fija |
991125c2016 sp fr p o 000 0 spa d |
| 035 ## - NÚMERO DE CONTROL DEL SISTEMA |
| Número de control de sistema |
UPN01000215977 |
| 040 ## - FUENTE DE LA CATALOGACIÓN |
| Centro catalogador/agencia de origen |
MX-MxUPN |
| Lengua de catalogación |
spa |
| Centro/agencia transcriptor |
MX-MxUPN |
| Normas de descripción |
aacr2 |
| 049 ## - COLECCIÓN |
| Colección |
ART-E |
| 100 1# - ASIENTO PRINCIPAL--NOMBRE PERSONAL |
| Nombre de persona |
Etxebarria, Aintzane |
| 100 1# - ASIENTO PRINCIPAL--NOMBRE PERSONAL |
| Filiación |
aintzane.etxebarria@ehu.es |
| 100 1# - ASIENTO PRINCIPAL--NOMBRE PERSONAL |
| Nombre de persona |
Gaminde, Iñaki |
| 100 1# - ASIENTO PRINCIPAL--NOMBRE PERSONAL |
| Nombre de persona |
Romero, Asier |
| 245 10 - MENCIÓN DE TÍTULO |
| Título |
Desarrollo de la competencia prosódica en la lectura en voz alta : |
| Resto del título |
importancia de las pausas |
| Medio |
[recurso electrónico en línea] |
| 506 0# - NOTA DE RESTRICCIONES AL ACCESO |
| Limitaciones de acceso |
Acceso abierto |
| 520 3# - NOTA DE RESUMEN, ETC. |
| Sumario, etc. |
En los últimos años se ha constatado un impulso de estudios sobre los elementos discursivos del texto (tono, pausas, etc.), que defienden la necesidad de trabajar estos componentes de la competencia comunicativa oral para mejorar la comprensión de los textos leídos en voz alta. Por lo tanto, con el objetivo de estudiar las pausas como elementos que estructuran el discurso, en este estudio se computan los tipos de pausas, se identifican algunos aspectos a trabajar, y por último, se especifica el peso de algunas variables como la lengua materna, el género y la procedencia en la realización de las pausas dentro de estructuras indivisibles. Para ello, se ha realizado un experimento mediante un texto periodístico, leído en voz alta, sobre un corpus de 100 informantes vascos bilingües con edades comprendidas entre los 18 y 25 años, y estudiantes de las Escuelas de Magisterio de la UPV/EHU. Del estudio estadístico de los datos se concluye que los tipo de pausas más empleados por los jóvenes lectores son las silenciosas (%) y (V%), que la posición de las pausas a menudo es incorrecta y que las lenguas maternas influyen significativamente en este hecho. OCNOS |
| 653 0# - TERMINO DE INDIZACION - NO CONTROLADO |
| Término no controlado |
Lectura en voz alta |
| 653 0# - TERMINO DE INDIZACION - NO CONTROLADO |
| Término no controlado |
Lectura oral |
| 653 0# - TERMINO DE INDIZACION - NO CONTROLADO |
| Término no controlado |
Prosodia |
| 653 0# - TERMINO DE INDIZACION - NO CONTROLADO |
| Término no controlado |
Habilidad lectora |
| 773 ## - ENLACE AL DOCUMENTO FUENTE/ENTRADA DE REGISTRO ANFITRIÓN |
| Parte(s) relacionada(s) |
Vol. 15, no. 2 (2016), p. 110-118 |
| Título |
Ocnos : revista de estudios sobre lectura |
| Número Internacional Normalizado para Publicaciones Seriadas |
2254-9099 |
| 856 4# - LOCALIZACIÓN Y ACCESO ELECTRÓNICOS |
| Identificador Uniforme del Recurso |
<a href="https://www.revistaocnos.com/index.php/ocnos/article/view/ocnos_2016.15.2.1047">https://www.revistaocnos.com/index.php/ocnos/article/view/ocnos_2016.15.2.1047</a> |
| 856 4# - LOCALIZACIÓN Y ACCESO ELECTRÓNICOS |
| Identificador Uniforme del Recurso |
<a href="https://doi.org/10.18239/ocnos_2016.15.2.1047">https://doi.org/10.18239/ocnos_2016.15.2.1047</a> |
| 902 ## - ELEMENTOS DE DATOS B LOCAL, LDB (RLIN) |
| Modificó |
Leonor Sotres/270923 |
| 905 ## - TIPO DE MATERIAL |
| Tipo de material |
Articulo |
| 942 ## - ELEMENTOS DE PUNTO DE ACCESO ADICIONAL (KOHA) |
| Tipo de ítem Koha |
Artículo Electrónico |